[Event "4NCL Division 4 South"]
[Site "Telford, ENG"]
[Date "2016.05.02"]
[Round "11.99"]
[White "Howell, Chris I"]
[Black "Henbest, Kevin B"]
[Result "0-1"]
[WhiteElo "1997"]
[BlackElo "1658"]
[PlyCount "96"]
[EventDate "2016.05.02"]

1. e4 c5 2. a3 d6 3. b4 Nf6 4. Nc3 e5 5. bxc5 dxc5 6. Nf3 Bd6 7. Bc4 Nbd7 8.
O-O O-O 9. Re1 Nb6 10. Bf1 Bg4 11. h3 Bh5 12. a4 Nbd7 13. Nb5 Be7 14. Bb2 a6
15. Na3 Bd6 16. Nc4 Qc7 17. Ra3 Ne8 18. g4 Bg6 19. Nh4 Rb8 20. Qa1 f6 21. Nxg6
hxg6 22. Qa2 Kh7 23. Rd3 b5 24. Nxd6 Nxd6 25. Qd5 Rb6 26. axb5 c4 27. Ba3 cxd3
28. Bxd3 axb5 29. Bb4 Re8 30. Ba5 Qc6 31. Bxb6 Qxd5 32. exd5 Nxb6 33. c3 Nxd5
34. h4 Ra8 35. h5 Nf4 36. hxg6+ Kh6 37. Bf5 Nxf5 38. gxf5 Kg5 39. Rb1 Ra5 40.
c4 bxc4 41. Rb2 Nh5 42. Rb7 Ra4 43. Rd7 Kxf5 44. d4 exd4 45. Rxd4 Nf4 46. Kh2
Ne6 47. Rd6 Ra5 48. Kg3 c3 0-1

[Event "4NCL Division 4 South"]
[Site "Telford, ENG"]
[Date "2016.05.02"]
[Round "11.99"]
[White "Biswas, Karl"]
[Black "Miller, Dominic"]
[Result "1/2-1/2"]
[WhiteElo "1701"]
[BlackElo "1765"]
[PlyCount "44"]
[EventDate "2016.05.02"]

1. c4 c5 2. Nc3 g6 3. g3 Bg7 4. Bg2 Nc6 5. Nf3 e5 6. O-O Nge7 7. e3 O-O 8. a3
d6 9. Rb1 Be6 10. d3 Rc8 11. Ng5 Qd7 12. Nxe6 Qxe6 13. Nd5 Qd7 14. b4 Nxd5 15.
cxd5 Ne7 16. bxc5 Rxc5 17. Qb3 b6 18. Bd2 Rfc8 19. Rfc1 h5 20. Rc4 b5 21. Rxc5
Rxc5 22. Bb4 Rc8 1/2-1/2

[Event "4NCL Division 4 South"]
[Site "Telford, ENG"]
[Date "2016.05.02"]
[Round "11.99"]
[White "Forster, Matthew"]
[Black "Tselos, Aristotelis"]
[Result "1-0"]
[WhiteElo "1720"]
[BlackElo "1399"]
[PlyCount "101"]
[EventDate "2016.05.02"]

1. c4 c6 2. g3 d5 3. cxd5 cxd5 4. Bg2 Nf6 5. Nf3 Bg4 6. O-O e6 7. Ne5 Bh5 8. d3
Bd6 9. Nf3 O-O 10. Qb3 b6 11. Nc3 a6 12. Bg5 Nbd7 13. Rfe1 h6 14. Bxf6 Qxf6 15.
Rac1 Rab8 16. h3 Nc5 17. Qd1 d4 18. Ne4 Nxe4 19. dxe4 e5 20. Qd3 Bb4 21. Red1
a5 22. a3 Bc5 23. Qb5 Bxf3 24. Bxf3 Qg5 25. b4 Be7 26. Rc6 axb4 27. h4 Qg6 28.
Rxg6 fxg6 29. axb4 Bf6 30. Rc1 g5 31. hxg5 Bxg5 32. Rc6 Rbd8 33. Bg4 Ra8 34.
Rxb6 d3 35. Qxd3 Rfd8 36. Rd6 Rf8 37. Qc3 Kh8 38. b5 Rf7 39. Rd7 Rf6 40. Qxe5
h5 41. f4 Bh6 42. Bxh5 Raf8 43. Rd6 Kh7 44. b6 Rxd6 45. Qxd6 Rf6 46. Qxf6 gxf6
47. b7 Bxf4 48. gxf4 f5 49. b8=Q fxe4 50. Qc7+ Kh8 51. Bg6 1-0

[Event "4NCL Division 4 South"]
[Site "Telford, ENG"]
[Date "2016.05.02"]
[Round "11.99"]
[White "Matilal, Tamal"]
[Black "Howell, Oliver W"]
[Result "0-1"]
[WhiteElo "1412"]
[BlackElo "1795"]
[PlyCount "126"]
[EventDate "2016.05.02"]

1. d4 e6 2. Nf3 Nf6 3. Bf4 c5 4. c3 Nc6 5. Nbd2 cxd4 6. cxd4 Qb6 7. Nc4 Qb4+ 8.
Nfd2 d5 9. a3 Qb5 10. Nd6+ Bxd6 11. Bxd6 Qxb2 12. e3 Qb6 13. Bc5 Qc7 14. Bb5
Bd7 15. O-O b6 16. Bxc6 Qxc6 17. Bb4 a5 18. Rc1 Qa4 19. Qxa4 Bxa4 20. Bd6 Kd7
21. Bc7 b5 22. Nf3 Rhc8 23. Ne5+ Ke7 24. Bb6 b4 25. Bc5+ Ke8 26. axb4 Bb5 27.
Rfe1 axb4 28. Bxb4 Rxc1 29. Rxc1 Bc4 30. h3 Ra4 31. Rb1 Nd7 32. Bd6 Ra6 33.
Nxd7 Kxd7 34. Bf8 g6 35. Rb7+ Ke8 36. Bc5 Ra1+ 37. Kh2 Rf1 38. Re7+ Kf8 39. Kg3
Kg7 40. Bd6 Kf6 41. Re8 Rg1 42. Be5+ Kf5 43. Rf8 Bf1 44. Rxf7+ Ke4 45. f3+ Kxe3
46. Bf4+ Ke2 47. Rxh7 Rxg2+ 48. Kh4 Kxf3 49. Be5 Bd3 50. Rf7+ Bf5 51. Rf6 Rg1
52. Rf8 Rh1 53. Kg5 Rxh3 54. Kf6 Ke4 55. Rg8 Rd3 56. Rh8 Re3 57. Rh4+ Kd3 58.
Rf4 Re4 59. Kg5 Ke3 60. Rf1 Rxe5 61. dxe5 d4 62. Kf6 d3 63. Kg5 Ke2 0-1

[Event "4NCL Division 4 South"]
[Site "Telford, ENG"]
[Date "2016.05.02"]
[Round "11.99"]
[White "Marlow, Ben"]
[Black "Reynolds, D Ian W"]
[Result "0-1"]
[WhiteElo "1812"]
[BlackElo "2025"]
[PlyCount "54"]
[EventDate "2016.05.02"]

1. c4 e5 2. Nc3 Nf6 3. g3 c6 4. e4 Bc5 5. Bg2 O-O 6. Nf3 d6 7. O-O Bg4 8. d3
Qd7 9. Be3 Na6 10. Re1 Bb6 11. a3 Nc7 12. b4 Ne6 13. Ne2 Bxe3 14. fxe3 Bxf3 15.
Bxf3 Ng5 16. Bg2 Nh3+ 17. Bxh3 Qxh3 18. Nc3 Ng4 19. Ra2 f5 20. Qd2 fxe4 21.
Nxe4 d5 22. cxd5 cxd5 23. Ng5 Qh5 24. Qg2 Qxg5 25. Qxd5+ Kh8 26. Qxb7 Qf5 27.
h3 Nf2 0-1

[Event "4NCL Division 4 South"]
[Site "Telford, ENG"]
[Date "2016.05.02"]
[Round "11.99"]
[White "Peters, Alexander John"]
[Black "McCann, John"]
[Result "0-1"]
[WhiteElo "2018"]
[BlackElo "1801"]
[PlyCount "96"]
[EventDate "2016.05.02"]

1. e4 e5 2. Nf3 Nf6 3. Nxe5 d6 4. Nf3 Nxe4 5. Nc3 Nxc3 6. dxc3 Be7 7. Bf4 O-O
8. Qd2 Nd7 9. O-O-O Nc5 10. Re1 Re8 11. Nd4 Ne6 12. Be3 Bd7 13. Bc4 Nxd4 14.
cxd4 b5 15. Be2 Bc6 16. d5 Bd7 17. Bf3 a5 18. g4 Bh4 19. g5 Rxe3 20. fxe3 Bxe1
21. Qxe1 Qxg5 22. Kb1 b4 23. h4 Qe5 24. Qd2 Bf5 25. Re1 Be4 26. Rf1 Qf5 27. Qg2
Bxf3 28. Qxf3 Qxf3 29. Rxf3 Re8 30. c4 Re4 31. b3 Rxh4 32. Rf2 Re4 33. Rf3 g5
34. a3 g4 35. Rf5 h6 36. axb4 axb4 37. Rh5 Kg7 38. Rh4 f5 39. Kc2 Rxe3 40. Rh1
Kg6 41. Rb1 g3 42. Kd2 f4 43. Rc1 h5 44. c5 Rxb3 45. cxd6 cxd6 46. Ke2 f3+ 47.
Kf1 Rc3 48. Kg1 Rxc1# 0-1

[Event "4NCL Division 4 South"]
[Site "Telford, ENG"]
[Date "2016.05.02"]
[Round "11.99"]
[White "Byrne, Nigel"]
[Black "Dickson, George"]
[Result "0-1"]
[WhiteElo "1763"]
[BlackElo "2009"]
[PlyCount "42"]
[EventDate "2016.05.02"]

1. e4 e5 2. Nc3 Nf6 3. Bc4 Nxe4 4. Bxf7+ Kxf7 5. Nxe4 Be7 6. Nf3 Nc6 7. d4 d5
8. Ng3 e4 9. Ne5+ Nxe5 10. dxe5 Rf8 11. Be3 Kg8 12. O-O Be6 13. Ne2 c5 14. Nf4
Qd7 15. c3 g5 16. Ne2 Qc7 17. b4 b6 18. f4 exf3 19. gxf3 Qxe5 20. Qd2 cxb4 21.
cxb4 Bxb4 0-1

[Event "4NCL Division 4 South"]
[Site "Telford, ENG"]
[Date "2016.05.02"]
[Round "11.99"]
[White "Calvert, D Ian"]
[Black "Harris, John"]
[Result "1-0"]
[WhiteElo "1963"]
[BlackElo "1637"]
[PlyCount "47"]
[EventDate "2016.05.02"]

1. b3 d6 2. Bb2 Nd7 3. d4 Ngf6 4. Nf3 g6 5. g3 Bg7 6. Bg2 O-O 7. O-O Re8 8. c4
c5 9. Nc3 cxd4 10. Nxd4 a6 11. Qd2 Ng4 12. h3 Bh6 13. e3 Ngf6 14. Nd5 e5 15.
Ne2 Nc5 16. Nec3 Bf5 17. Nxf6+ Qxf6 18. Nd5 Qd8 19. Rfd1 Nd3 20. Ba3 e4 21. Nb4
Bg7 22. Rab1 Qa5 23. Nxd3 exd3 24. Qxa5 1-0

[Event "4NCL Division 4 South"]
[Site "Telford, ENG"]
[Date "2016.05.02"]
[Round "11.99"]
[White "Jones, Howard"]
[Black "Botham, C Paul"]
[Result "1/2-1/2"]
[WhiteElo "1585"]
[BlackElo "1989"]
[PlyCount "56"]
[EventDate "2016.05.02"]

1. Nf3 Nf6 2. g3 g6 3. Bg2 Bg7 4. d3 d5 5. O-O O-O 6. Nbd2 c5 7. e4 e6 8. Re1
Nc6 9. c3 b6 10. a3 Bb7 11. e5 Nd7 12. d4 Rc8 13. Nf1 h6 14. h4 cxd4 15. cxd4
Na5 16. b4 Nc4 17. Qb3 b5 18. Bf4 Ndb6 19. N1h2 Kh7 20. Ng4 Nd7 21. Qb1 Rg8 22.
Bh3 Ncb6 23. Qb3 Na4 24. Rec1 Qe7 25. Qe3 h5 26. Ngh2 Ndb6 27. Ng5+ Kh8 28. Qb3
Rge8 1/2-1/2

[Event "4NCL Division 4 South"]
[Site "Telford, ENG"]
[Date "2016.05.02"]
[Round "11.99"]
[White "Feavyour, John A"]
[Black "Weaver, Simon"]
[Result "1-0"]
[WhiteElo "1991"]
[BlackElo "1601"]
[PlyCount "91"]
[EventDate "2016.05.02"]

1. d4 d5 2. c4 e6 3. Nc3 Nf6 4. Bg5 Be7 5. e3 h6 6. Bh4 O-O 7. Nf3 b6 8. cxd5
exd5 9. Bd3 Bg4 10. h3 Bh5 11. g4 Bg6 12. Bxg6 fxg6 13. Ne5 g5 14. Bg3 Bd6 15.
Qb3 c6 16. O-O-O Re8 17. e4 Qc7 18. Kb1 Qb7 19. Rhe1 Na6 20. exd5 Nxd5 21. Nxd5
cxd5 22. a3 Nc7 23. Qd3 Ne6 24. Rc1 Rac8 25. Rxc8 Rxc8 26. Rc1 Nf4 27. Bxf4
gxf4 28. Rxc8+ Qxc8 29. Qf3 Bxe5 30. Qxd5+ Qe6 31. Qxe5 Qg6+ 32. Ka2 Qc2 33.
Qxf4 Qc4+ 34. Kb1 Qd3+ 35. Kc1 Qxh3 36. Kc2 Qg2 37. Qf5 Qc6+ 38. Kb3 a5 39. a4
Qh1 40. Qd3 Qd5+ 41. Qc4 Qxc4+ 42. Kxc4 Kf7 43. Kd5 Ke7 44. Kc6 Ke6 45. d5+ Ke7
46. Kc7 1-0

[Event "4NCL Division 4 South"]
[Site "Telford, ENG"]
[Date "2016.05.02"]
[Round "11.99"]
[White "Davis, Lee"]
[Black "Szwajkun, Richard"]
[Result "1-0"]
[WhiteElo "1965"]
[BlackElo "1676"]
[PlyCount "41"]
[EventDate "2016.05.02"]

1. d4 Nf6 2. g3 d5 3. Bg2 b6 4. Nf3 Bb7 5. O-O e6 6. c4 dxc4 7. Qa4+ Nbd7 8.
Ne5 Bxg2 9. Kxg2 c5 10. dxc5 Qc7 11. Bf4 Qb7+ 12. c6 Qc8 13. cxd7+ Nxd7 14. Rd1
Qb7+ 15. f3 Rd8 16. Rxd7 Rxd7 17. Qxd7+ Qxd7 18. Nxd7 Kxd7 19. Nd2 b5 20. a4
Bb4 21. axb5 1-0

[Event "4NCL Division 4 South"]
[Site "Telford, ENG"]
[Date "2016.05.02"]
[Round "11.99"]
[White "Ross, Stuart"]
[Black "Davies, Peter"]
[Result "0-1"]
[WhiteElo "1675"]
[BlackElo "1989"]
[PlyCount "80"]
[EventDate "2016.05.02"]

1. e4 e5 2. Nf3 Nc6 3. Bb5 a6 4. Ba4 Nf6 5. O-O Nxe4 6. d4 b5 7. Bb3 d5 8. dxe5
Be6 9. c3 Bc5 10. Nbd2 O-O 11. Qe2 Nxf2 12. Rxf2 Bxf2+ 13. Qxf2 f6 14. exf6
Rxf6 15. Qc5 Qd7 16. Ng5 Rd8 17. Ndf3 h6 18. Nxe6 Rxe6 19. Be3 Ne7 20. Rd1 c6
21. c4 bxc4 22. Bxc4 Qb7 23. Qa3 Ra8 24. Bf1 Kh8 25. Bc5 Ng6 26. Nd4 Rf6 27.
Re1 Qc7 28. b4 Qd7 29. Qe3 a5 30. b5 cxb5 31. Bxb5 Qc7 32. Rc1 Rc8 33. Ba3 Qb8
34. Rxc8+ Qxc8 35. Qe8+ Qxe8 36. Bxe8 Ne5 37. Bb5 Nc4 38. Bc5 Nd2 39. a4 Ne4
40. Bb6 Rxb6 0-1

[Event "4NCL Division 4 South"]
[Site "Telford, ENG"]
[Date "2016.05.02"]
[Round "11.99"]
[White "Waterfield, John W"]
[Black "Paul, Christopher"]
[Result "1-0"]
[WhiteElo "1956"]
[BlackElo "1600"]
[PlyCount "93"]
[EventDate "2016.05.02"]

1. e4 c5 2. c3 Nc6 3. d4 cxd4 4. cxd4 d6 5. Nf3 g6 6. Nc3 Bg7 7. Be3 a6 8. Be2
b5 9. d5 Ne5 10. Nxe5 Bxe5 11. O-O Nf6 12. Bd4 Bxd4 13. Qxd4 O-O 14. Rfd1 Bb7
15. a4 bxa4 16. Rxa4 Nd7 17. b4 Qb6 18. Qxb6 Nxb6 19. Ra5 Rfc8 20. Na4 Nxa4 21.
Rxa4 Rc2 22. Bd3 Rc3 23. Kf1 Kf8 24. Ke2 Rb8 25. Kd2 Rcc8 26. Rb1 Ra8 27. Rba1
Rab8 28. Ra5 Ke8 29. R1a4 Ra8 30. f3 Kd8 31. Bxa6 Bxa6 32. Rxa6 Rxa6 33. Rxa6
Rb8 34. Kc3 Kc7 35. Ra7+ Rb7 36. Rxb7+ Kxb7 37. b5 Kb6 38. Kb4 e5 39. h4 h6 40.
g4 g5 41. h5 f6 42. Ka4 Ka7 43. Ka5 Kb7 44. b6 Kb8 45. Ka6 Ka8 46. b7+ Kb8 47.
Kb6 1-0

[Event "4NCL Division 4 South"]
[Site "Telford, ENG"]
[Date "2016.05.02"]
[Round "11.99"]
[White "Peck, Windsor W A"]
[Black "Perrett, David C"]
[Result "1/2-1/2"]
[WhiteElo "1532"]
[BlackElo "1944"]
[PlyCount "97"]
[EventDate "2016.05.02"]

1. d4 f5 2. Bg5 g6 3. Nc3 Bg7 4. e4 fxe4 5. Nxe4 Nf6 6. Nxf6+ exf6 7. Be3 O-O
8. Nf3 f5 9. Qd2 Qe7 10. Bc4+ Kh8 11. O-O-O d5 12. Bb3 c6 13. Bh6 f4 14. Rde1
Qd6 15. Bxg7+ Kxg7 16. Qe2 Bf5 17. Qe7+ Qxe7 18. Rxe7+ Rf7 19. Rhe1 Nd7 20.
Rxf7+ Kxf7 21. Ne5+ Nxe5 22. Rxe5 Re8 23. Rxe8 Kxe8 24. Kd2 Be4 25. g3 g5 26.
Ke2 Ke7 27. c3 Kd6 28. Bd1 c5 29. Kd2 a6 30. Be2 c4 31. Bd1 Bb1 32. a3 Be4 33.
Bh5 b6 34. Bg4 Kc6 35. Bh5 Kd6 36. Bg4 Ke7 37. Ke2 Kf6 38. Kd2 Bf5 39. Bf3 Ke6
40. Bd1 Be4 41. Bg4+ Kf6 42. Bc8 a5 43. Bg4 Kg6 44. Bd1 h5 45. Ba4 Bf3 46. b3
cxb3 47. Bxb3 Kf5 48. Ba4 Ke6 49. Bb5 1/2-1/2

[Event "4NCL Division 4 South"]
[Site "Telford, ENG"]
[Date "2016.05.02"]
[Round "11.99"]
[White "Thomas, Gary"]
[Black "Szwajkun, Steve"]
[Result "1-0"]
[WhiteElo "1844"]
[BlackElo "1442"]
[PlyCount "79"]
[EventDate "2016.05.02"]

1. e4 e6 2. d4 d6 3. Nf3 h6 4. Nc3 Nd7 5. Be3 a6 6. Bd3 b6 7. Qd2 Bb7 8. O-O g5
9. h3 Bg7 10. Rad1 Ne7 11. Qe2 b5 12. b4 Ng6 13. Rfe1 Nf4 14. Bxf4 gxf4 15. e5
d5 16. Qd2 h5 17. Qxf4 Bh6 18. Qh4 Qxh4 19. Nxh4 c6 20. Ne2 a5 21. a3 a4 22. f4
Ke7 23. Rf1 Rag8 24. Kh1 Nb6 25. f5 Bc8 26. Rf3 Bg5 27. g3 Bxh4 28. gxh4 Nc4
29. Bxc4 bxc4 30. f6+ Kd7 31. Nc3 Ba6 32. Nxa4 Kc7 33. Rg1 Rxg1+ 34. Kxg1 Rg8+
35. Kf2 Bb5 36. Nc5 Ra8 37. Rg3 Ba4 38. Rg7 Bxc2 39. Rxf7+ Kb6 40. Rb7# 1-0

[Event "4NCL Division 4 South"]
[Site "Telford, ENG"]
[Date "2016.05.02"]
[Round "11.99"]
[White "Ayres, Martin"]
[Black "Dixon, Chris"]
[Result "0-1"]
[WhiteElo "985"]
[BlackElo "1795"]
[PlyCount "64"]
[EventDate "2016.05.02"]

1. e4 d6 2. d4 Nf6 3. Nc3 g6 4. Nf3 Bg7 5. Bg5 O-O 6. Bc4 c6 7. e5 d5 8. Bb3
Ne8 9. O-O f6 10. exf6 exf6 11. Bh4 Nd6 12. Qd3 Nf5 13. Ne4 Nxh4 14. Nxh4 f5
15. Bxd5+ cxd5 16. Nd2 Qxh4 17. Nf3 Qd8 18. Rfe1 Nc6 19. c3 a6 20. Re2 Re8 21.
Rxe8+ Qxe8 22. Re1 Qd8 23. Qe3 Bd7 24. Qf4 Qb8 25. Qh4 Qd6 26. Ng5 h6 27. Re3
hxg5 28. Qxg5 Re8 29. g3 Rxe3 30. fxe3 Kf7 31. b3 b5 32. a3 Qxa3 0-1

[Event "4NCL Division 4 South"]
[Site "Telford, ENG"]
[Date "2016.05.02"]
[Round "11.99"]
[White "Balouka Myers, Gabriel"]
[Black "Nwachukwu, Chino"]
[Result "0-1"]
[WhiteElo "1855"]
[BlackElo "1946"]
[PlyCount "84"]
[EventDate "2016.05.02"]

1. Nf3 c5 2. g3 d5 3. Bg2 Nf6 4. d4 cxd4 5. Nxd4 e5 6. Nf3 Nc6 7. O-O h6 8. c4
d4 9. a3 Be6 10. Nbd2 e4 11. Ne1 e3 12. Ne4 exf2+ 13. Nxf2 Bxc4 14. b4 Bd5 15.
b5 Bxg2 16. Nxg2 Na5 17. Qa4 b6 18. Rd1 Bc5 19. Bb2 Qd5 20. Rd3 Nc4 21. Qc2
Nxb2 22. Qxb2 Qe6 23. Nf4 Qf5 24. Rd2 O-O 25. N4d3 Ne4 26. Nxe4 Qxe4 27. Nxc5
bxc5 28. Rad1 Rfe8 29. a4 Re6 30. Qc1 Qe3+ 31. Kg2 Re5 32. Rf1 Rae8 33. Rf3 Qe4
34. a5 R8e6 35. Qb2 g5 36. Kg1 Qd5 37. Rc2 c4 38. b6 axb6 39. axb6 Re7 40. Ra3
d3 41. exd3 Re1+ 42. Kf2 Qf5+ 0-1

[Event "4NCL Division 4 South"]
[Site "Telford, ENG"]
[Date "2016.05.02"]
[Round "11.99"]
[White "Goodwin, Ed H"]
[Black "Karia, Devin"]
[Result "1-0"]
[WhiteElo "1899"]
[BlackElo "1712"]
[PlyCount "97"]
[EventDate "2016.05.02"]

1. d4 Nf6 2. Bf4 d5 3. e3 e6 4. Nf3 Nbd7 5. Bd3 Be7 6. Ne5 c5 7. c3 O-O 8. Nd2
h6 9. h4 Nxe5 10. dxe5 Ne4 11. Qg4 f5 12. exf6 Rxf6 13. Qe2 Bd6 14. Nxe4 dxe4
15. Bxd6 exd3 16. Qxd3 b6 17. Rd1 Bb7 18. e4 e5 19. Qc4+ Rf7 20. Bxe5 Qe8 21.
f4 Kh8 22. Rd6 Kh7 23. O-O Rd7 24. Rfd1 Rad8 25. Rxd7 Rxd7 26. Rxd7 Qxd7 27.
Qe2 Qe7 28. g3 Qe6 29. a3 Qg6 30. Kh2 Bc8 31. f5 Qe8 32. Bb8 a6 33. Qg4 b5 34.
h5 Bb7 35. Qg6+ Qxg6 36. hxg6+ Kg8 37. e5 c4 38. f6 gxf6 39. exf6 Bd5 40. f7+
Bxf7 41. gxf7+ Kxf7 42. Kh3 h5 43. Kh4 Kg6 44. Bf4 a5 45. Bc7 Kh6 46. Bxa5 Kg6
47. Bc7 Kh6 48. Bb8 Kg6 49. Bf4 1-0

[Event "4NCL Division 4 South"]
[Site "Telford, ENG"]
[Date "2016.05.02"]
[Round "11.99"]
[White "Balouka Myers, Reuben"]
[Black "Ireland, David J"]
[Result "0-1"]
[WhiteElo "1667"]
[BlackElo "1929"]
[PlyCount "64"]
[EventDate "2016.05.02"]

1. Nf3 c5 2. g3 d5 3. Bg2 Nf6 4. d4 cxd4 5. Nxd4 e5 6. Nf3 Nc6 7. Bg5 Be6 8.
O-O Be7 9. c3 O-O 10. Nbd2 h6 11. Bxf6 Bxf6 12. e4 dxe4 13. Nxe4 Be7 14. Qe2 f5
15. Ned2 Bf6 16. Rfd1 Qb6 17. Nc4 Qa6 18. Bf1 Rad8 19. Nd6 Qxe2 20. Bxe2 e4 21.
Ne1 Rd7 22. f3 Rfd8 23. Nb5 a6 24. Na3 b5 25. Nac2 Rxd1 26. Bxd1 a5 27. a4 b4
28. cxb4 axb4 29. fxe4 fxe4 30. Be2 Bxb2 31. Rb1 Bc3 32. Bb5 Ba2 0-1

[Event "4NCL Division 4 South"]
[Site "Telford, ENG"]
[Date "2016.05.02"]
[Round "11.99"]
[White "Price, Andrew"]
[Black "Willmoth, Harrison"]
[Result "1-0"]
[WhiteElo "1892"]
[BlackElo "1667"]
[PlyCount "109"]
[EventDate "2016.05.02"]

1. e4 d6 2. d4 Nf6 3. Nc3 c6 4. Be2 b5 5. e5 dxe5 6. dxe5 Qxd1+ 7. Bxd1 Nd5 8.
Bd2 Nd7 9. f4 N7b6 10. Bf3 Rb8 11. Nge2 Bb7 12. O-O-O e6 13. Ne4 Be7 14. Nd4 a6
15. Nb3 Nd7 16. Na5 b4 17. Nc4 O-O 18. h4 N7b6 19. Nxb6 Nxb6 20. Be3 Nd5 21.
Bc5 Bxc5 22. Nxc5 Rfd8 23. g3 a5 24. Rd3 h6 25. Rhd1 Ba8 26. Na6 Rb6 27. Nc5
Rb5 28. Ne4 Rdb8 29. Nd6 R5b6 30. Bh5 g6 31. Be2 a4 32. h5 b3 33. cxb3 Nb4 34.
R3d2 Nxa2+ 35. Kb1 axb3 36. hxg6 fxg6 37. Bc4 c5 38. Bxe6+ Kg7 39. Nc4 Be4+ 40.
Ka1 Rxe6 41. Rd7+ Kg8 42. Rd8+ Rxd8 43. Rxd8+ Kg7 44. Rd7+ Kf8 45. Nd6 Bf5 46.
Rf7+ Kg8 47. Rb7 Bc2 48. Rb8+ Kg7 49. Rb7+ Kf8 50. Rf7+ Kg8 51. Rc7 g5 52. Rc8+
Kg7 53. Rxc5 Re7 54. Ra5 Rc7 55. Ne8+ 1-0

[Event "4NCL Division 4 South"]
[Site "Telford, ENG"]
[Date "2016.05.02"]
[Round "11.99"]
[White "Ho, Marco"]
[Black "Hung, Dylan"]
[Result "1-0"]
[WhiteElo "1855"]
[BlackElo "1607"]
[PlyCount "47"]
[EventDate "2016.05.02"]

1. d4 d5 2. c4 c6 3. Nf3 Nf6 4. Nc3 e6 5. Bg5 Be7 6. e3 O-O 7. Bd3 Nbd7 8. O-O
dxc4 9. Bxc4 b5 10. Bd3 Qb6 11. Ne5 Bd6 12. Nxd7 Nxd7 13. Ne4 Qc7 14. Nxd6 Qxd6
15. Bf4 Qe7 16. Qc2 Nf6 17. Qxc6 Bd7 18. Bd6 Qd8 19. Qb7 Re8 20. Rac1 Nd5 21.
Be4 Nb6 22. Bc7 Qc8 23. Qxc8 Raxc8 24. Bb7 1-0

[Event "4NCL Division 4 South"]
[Site "Telford, ENG"]
[Date "2016.05.02"]
[Round "11.99"]
[White "Lewis, Christopher D"]
[Black "Willmoth, Robert F"]
[Result "0-1"]
[WhiteElo "1892"]
[BlackElo "2230"]
[PlyCount "100"]
[EventDate "2016.05.02"]

1. e4 d6 2. d4 Nf6 3. Nc3 c6 4. Bd3 e5 5. Nge2 Be7 6. f3 b5 7. Be3 Nbd7 8. g4
Bb7 9. Ng3 exd4 10. Bxd4 b4 11. g5 bxc3 12. gxf6 Bxf6 13. Bxc3 Bxc3+ 14. bxc3
Qf6 15. Qd2 Ne5 16. O-O-O Nxf3 17. Qf2 Qg5+ 18. Kb2 Ne5 19. Qd4 g6 20. Qxd6 Qe7
21. Qxe7+ Kxe7 22. Ne2 c5 23. c4 f5 24. Nc3 f4 25. Nd5+ Bxd5 26. exd5 Kd6 27.
h4 h6 28. Kc3 g5 29. h5 Rhg8 30. Rde1 Raf8 31. Rxe5 Kxe5 32. Re1+ Kd6 33. Re6+
Kd7 34. Rxh6 f3 35. Rh7+ Kc8 36. Rxa7 f2 37. Ra5 Kb8 38. Rxc5 f1=Q 39. Bxf1
Rxf1 40. d6 g4 41. h6 Rh1 42. Rb5+ Kc8 43. c5 Rxh6 44. Kc4 g3 45. Ra5 Kb8 46.
Rb5+ Ka7 47. Ra5+ Kb7 48. Rb5+ Ka6 49. Rb6+ Ka7 50. Kb5 Rb8 0-1

[Event "4NCL Division 4 South"]
[Site "Telford, ENG"]
[Date "2016.05.02"]
[Round "11.99"]
[White "Villiers, Thomas"]
[Black "Tarr, Steve F"]
[Result "1-0"]
[WhiteElo "2115"]
[BlackElo "1900"]
[PlyCount "57"]
[EventDate "2016.05.02"]

1. c4 Nf6 2. g3 e6 3. Nf3 d5 4. Bg2 Be7 5. O-O O-O 6. b3 b6 7. Bb2 Bb7 8. e3
Ne4 9. d3 Bf6 10. Ne5 Nd7 11. f4 Nd6 12. cxd5 Nf5 13. Qe2 Nxe5 14. fxe5 Bg5 15.
Rf3 Qxd5 16. Rf2 Qa5 17. Bxb7 Rab8 18. d4 Rxb7 19. Bc3 Nxd4 20. exd4 Qd5 21.
Nd2 c5 22. dxc5 Qxc5 23. Ne4 Qc6 24. Qf3 Rc7 25. Bb4 Qb5 26. Bxf8 Kxf8 27. Nxg5
Qxe5 28. Rd1 Qxg5 29. Qa8+ 1-0

[Event "4NCL Division 4 South"]
[Site "Telford, ENG"]
[Date "2016.05.02"]
[Round "11.99"]
[White "Ilesanmi, Olusegun"]
[Black "Brozel, Sacha"]
[Result "0-1"]
[WhiteElo "1915"]
[BlackElo "2050"]
[PlyCount "57"]
[EventDate "2016.05.02"]

1. e4 c5 2. Nf3 e6 3. d4 cxd4 4. Nxd4 Nc6 5. Nb5 d6 6. N1c3 a6 7. Nd4 Nf6 8.
Be2 Be7 9. Be3 O-O 10. O-O Qc7 11. Qd2 Ne5 12. f3 b5 13. a4 b4 14. Na2 d5 15.
Nxb4 dxe4 16. c3 exf3 17. Nxf3 Rd8 18. Qc1 Bb7 19. Nxe5 Qxe5 20. Bf3 Bxf3 21.
Rxf3 Ng4 22. Bf4 Qc5+ 23. Be3 Nxe3 24. Qxe3 Qxe3+ 25. Rxe3 Bc5 26. Kf2 Rd2+ 27.
Kf3 Bxe3 28. Kxe3 Rxb2 29. Kf3 0-1

[Event "4NCL Division 4 South"]
[Site "Telford, ENG"]
[Date "2016.05.02"]
[Round "11.99"]
[White "Pollack, Oscar"]
[Black "Thompson, Richard G"]
[Result "1-0"]
[WhiteElo "1967"]
[BlackElo "1772"]
[PlyCount "135"]
[EventDate "2016.05.02"]

1. d4 Nf6 2. Bg5 e6 3. e4 Be7 4. Nc3 h6 5. Bxf6 Bxf6 6. e5 Be7 7. Qg4 g6 8. Bd3
h5 9. Qe2 Nc6 10. Nf3 b6 11. O-O-O Bb7 12. a3 Bg5+ 13. Kb1 Bh6 14. Ne4 Bg7 15.
h4 Qe7 16. Rhe1 O-O-O 17. g3 Qe8 18. Ba6 Ne7 19. Qc4 Kb8 20. Bxb7 Kxb7 21. Rd3
Nd5 22. Rb3 d6 23. Qe2 Bf8 24. c4 Ne7 25. exd6 cxd6 26. c5 Nd5 27. Rc1 dxc5 28.
dxc5 Rc8 29. Ne5 f6 30. Nc4 Kb8 31. Ncd6 Bxd6 32. Nxd6 Qa4 33. Ka2 Rc6 34. Qxe6
Qd4 35. Qd7 Rc7 36. Qb5 Re7 37. Rd3 Qe5 38. Nc4 Qe6 39. cxb6 Nxb6 40. Rd6 Qf7
41. Kb1 Rb7 42. Na5 Rc7 43. Nc6+ Ka8 44. Rcd1 Rhc8 45. Nxa7 Rxa7 46. Rxb6 Qc7
47. Qd5+ Rb7 48. Rxb7 Qxb7 49. Qxb7+ Kxb7 50. b4 Rc3 51. Kb2 Rf3 52. Rd2 Kb6
53. a4 Ka6 54. Kc2 Ra3 55. Rd6+ Kb7 56. Rxf6 Rxa4 57. Kb3 Ra1 58. Rxg6 Rf1 59.
f4 Rf3+ 60. Kc4 Ra3 61. g4 hxg4 62. Rxg4 Rh3 63. Kb5 Kc7 64. f5 Rf3 65. Rg5 Rf4
66. h5 Kb7 67. h6 Rh4 68. Rg7+ 1-0

[Event "4NCL Division 4 South"]
[Site "Telford, ENG"]
[Date "2016.05.02"]
[Round "11.99"]
[White "Ansari, Athar"]
[Black "Karia, Rishul"]
[Result "1/2-1/2"]
[WhiteElo "1755"]
[BlackElo "1937"]
[PlyCount "134"]
[EventDate "2016.05.02"]

1. e4 e5 2. Nf3 Nc6 3. Bc4 Nf6 4. Ng5 d5 5. exd5 Na5 6. Bb5+ c6 7. dxc6 bxc6 8.
Be2 Bc5 9. d3 O-O 10. Nc3 Nd5 11. Bd2 Be7 12. Nf3 Qc7 13. h4 f5 14. a3 e4 15.
Ng5 e3 16. Bxe3 Nxe3 17. fxe3 Qg3+ 18. Kd2 f4 19. Nce4 Qxe3+ 20. Ke1 h6 21. Nf3
Rd8 22. Qd2 Nc4 23. Qc3 Nb6 24. Qe5 Re8 25. Qd4 Nd5 26. c4 Qxd4 27. Nxd4 Ne3
28. Kd2 c5 29. Nc6 Bf8 30. g3 Bb7 31. gxf4 Nxc4+ 32. Kc3 Bxc6 33. Kxc4 Bxe4 34.
dxe4 Rxe4+ 35. Kd3 Rae8 36. Bh5 Re3+ 37. Kd2 R8e4 38. Rad1 Rg3 39. f5 Ree3 40.
Kc2 c4 41. Rhg1 Rxg1 42. Rxg1 Be7 43. Rg4 Re2+ 44. Kb1 Rf2 45. Rxc4 Rxf5 46.
Bg6 Rf8 47. h5 Bf6 48. Kc2 Rd8 49. b4 Bd4 50. b5 Bb6 51. a4 Kf8 52. Rf4+ Kg8
53. Kb3 Rd7 54. Re4 Rd8 55. Kb4 Rd4+ 56. Rxd4 Bxd4 57. a5 Kf8 58. Kc4 Bf2 59.
Kd5 Ke7 60. Kc6 Kd8 61. Bf5 Be3 62. b6 axb6 63. axb6 Bf2 64. b7 Ba7 65. Kd6
Bb8+ 66. Ke6 Ke8 67. Bg6+ Kd8 1/2-1/2

[Event "4NCL Division 4 South"]
[Site "Telford, ENG"]
[Date "2016.05.02"]
[Round "11.99"]
[White "Hung, Jake"]
[Black "Shepherd, Graham C"]
[Result "1-0"]
[WhiteElo "1810"]
[BlackElo "1742"]
[PlyCount "101"]
[EventDate "2016.05.02"]

1. c4 Nf6 2. g3 c6 3. Bg2 g6 4. Nf3 Bg7 5. O-O O-O 6. d4 Na6 7. Nc3 d6 8. e4
Nc7 9. h4 Bg4 10. Qd3 Qc8 11. Nh2 Bd7 12. f4 Bh3 13. Rf3 Bxg2 14. Kxg2 Ng4 15.
Nxg4 Qxg4 16. Be3 Qd7 17. f5 Ne8 18. h5 gxh5 19. Rh1 Nf6 20. Bg5 h6 21. Bxf6
Bxf6 22. Rxh5 Bg5 23. Ne2 Kg7 24. Nf4 Rh8 25. g4 Rag8 26. Qd2 Kf8 27. Ne6+ Ke8
28. Nxg5 hxg5 29. Rxh8 Rxh8 30. Qxg5 Kd8 31. f6 Re8 32. fxe7+ Qxe7 33. Qxe7+
Rxe7 34. Re3 d5 35. b3 Kd7 36. Kf3 dxc4 37. bxc4 Re8 38. Kf4 Rh8 39. g5 Rh1 40.
Rf3 Re1 41. c5 Ke6 42. Rh3 Rf1+ 43. Ke3 Ra1 44. Rh6+ Ke7 45. Rh7 Rxa2 46. g6 b5
47. cxb6 axb6 48. Kf3 Kf8 49. Rxf7+ Kg8 50. Rc7 Rb2 51. Rxc6 1-0